00386nam a2200169Ia 4500008004100000041001200041082002100053100001800074245002300092365000700115520001200122546001200134630002300146650001200169655001200181730002300193101110s9999 xx 000 0 und d aMARATHI bSR11220a891.463 aDandekar G.N. aDas Dongari Rahato b20 aMarathi aMARATHI aDas Dongari Rahato aMarathi aMarathi aDas Dongari Rahato